000 00646nam a2200241Ia 4500
003 OSt
005 20221007071408.0
006 a|||||r|||| 00| 0
007 ta
008 221006b |||||||| |||| 00| 0 eng d
024 _a5,610
037 _cTextual
040 _aFLL
_cFLL
_beng
041 _2eng
_aeng
082 _aZ3:1:6, L0
100 _aMellows Anthony R. Au.
_9688675
245 0 _aLaw of succession
260 _aLondon
_bButterworths London
_c1970
300 _alxxxvi,631p
_ccm.
650 _aSuccession law
_9688676
942 _hZ3:1:6, L0
_cTEXL
_2CC
999 _c1143226
_d1143226